Economy in North East India. (Record no. 1154)
[ view plain ]
| 000 -LEADER | |
|---|---|
| fixed length control field | 00484cam a2200193ua 4500 |
| 008 - FIXED-LENGTH DATA ELEMENTS--GENERAL INFORMATION | |
| fixed length control field | 110622n ii |||gr||||Z||||||eng |
| 040 ## - CATALOGING SOURCE | |
| Transcribing agency | MAIN |
| 082 ## - DEWEY DECIMAL CLASSIFICATION NUMBER | |
| Classification number | 330.9541 |
| 100 ## - MAIN ENTRY--PERSONAL NAME | |
| Personal name | Bardoloi, G., |
| 245 11 - TITLE STATEMENT | |
| Title | Economy in North East India. |
| Statement of responsibility, etc. | By G Bordoloi. |
| 250 ## - EDITION STATEMENT | |
| Edition statement | 1st. |
| 260 ## - PUBLICATION, DISTRIBUTION, ETC. | |
| Place of publication, distribution, etc. | Gowahati: |
| Name of publisher, distributor, etc. | Bisitranarayan printing.,986. |
| 300 ## - PHYSICAL DESCRIPTION | |
| Extent | 313 p.:5 cm. |
| 700 ## - ADDED ENTRY--PERSONAL NAME | |
| Personal name | Neog, A K., |
| 942 ## - ADDED ENTRY ELEMENTS (KOHA) | |
| Koha item type | Books |
| 653 ## - INDEX TERM--UNCONTROLLED | |
| Uncontrolled term | Economics. |
| 653 ## - INDEX TERM--UNCONTROLLED | |
| Uncontrolled term | Economy of North East India. |
| Withdrawn status | Lost status | Damaged status | Not for loan | Home library | Current library | Shelving location | Date acquired | Total Checkouts | Full call number | Barcode | Date last seen | Copy number | Price effective from | Koha item type |
|---|---|---|---|---|---|---|---|---|---|---|---|---|---|---|
| Central Library, Naharkatiya College | Central Library, Naharkatiya College | General Stacks | 19/09/2020 | 330.9541 | BAR | 2041 | 19/09/2020 | 1 | 19/09/2020 | Books | |||||
| Central Library, Naharkatiya College | Central Library, Naharkatiya College | General Stacks | 19/09/2020 | 330.9541 | BAR | 2042 | 19/09/2020 | 3 | 19/09/2020 | Books | |||||
| Central Library, Naharkatiya College | Central Library, Naharkatiya College | General Stacks | 19/09/2020 | 330.9541 | BAR | 2335 | 19/09/2020 | 2 | 19/09/2020 | Books |
